000
00298nam a22001337a 4500
008
180927b xxu||||| |||| 00| 0 eng d
020
_a
9780815127796
041
_a
eng
080
_2
5th
_a
610.73
100
_a
1
101
_a
INF
245
_a
The effective nurse
_c
Douglass,L.M
942
_2
udc
_c
BK
999
_c
48603
_d
48603